indian rulers - Statistics

General Stats
  • This quiz has been taken 29 times
  • The average score is 5 of 9
Answers on the Grid
Answers color-coded by a green-red scale on the quiz's grid according to % correct below.
shajahan
ali adil sha
muhammed al fathih
sulaiman the magnificent
akbar
hajjaj
muthavakil
hemu
kaiser
saurus
joulious seaser
augastus
zeus
herculis
ramsis
abdul hammed
abdul aziz
varian kunnan
marthanta varma
aurangazeb
jahan gir
orhan
osman
chathrapati shivaji
 
Answer Stats
Answer % Correct
akbar
89%
shajahan
78%
chathrapati shivaji
72%
jahan gir
72%
aurangazeb
67%
ali adil sha
50%
marthanta varma
50%
hemu
39%
varian kunnan
11%
No matching quizzes found
Score Distribution
Percent of People with Each Score
Percentile by Number Answered
Your Score History
You have not taken this quiz